Logic : (Record no. 363953)
[ view plain ]
| 000 -LEADER | |
|---|---|
| fixed length control field | 00389nam a2200121Ia 4500 |
| 008 - FIXED-LENGTH DATA ELEMENTS--GENERAL INFORMATION | |
| fixed length control field | 200902s9999 xx 000 0 und d |
| 020 ## - INTERNATIONAL STANDARD BOOK NUMBER | |
| International Standard Book Number | 978-912-406-004-7 |
| 100 ## - MAIN ENTRY--PERSONAL NAME | |
| Personal name | Carnejo, Nigel L. |
| 245 ## - TITLE STATEMENT | |
| Statement of responsibility, etc | Nigel L. Carnejo |
| Title | Logic : |
| Remainder of title | the art of defing and reasoning / |
| 260 ## - PUBLICATION, DISTRIBUTION, ETC. (IMPRINT) | |
| Place of publication, distribution, etc | Manila : |
| Name of publisher, distributor, etc | Mindshapers Co., Inc. |
| Date of publication, distribution, etc | 2015 |
| 300 ## - PHYSICAL DESCRIPTION | |
| Extent | vi , 298 pages : |
| Other physical details | illustrations ; |
| Dimensions | 26 cm. |
| 650 ## - SUBJECT ADDED ENTRY--TOPICAL TERM | |
| Topical term or geographic name as entry element | Logic |
| Withdrawn status | Lost status | Damaged status | Home library | Current library | Shelving location | Date acquired | Source of acquisition | Total Checkouts | Total Renewals | Full call number | Barcode | Date last seen | Date checked out | Price effective from | Koha item type |
|---|---|---|---|---|---|---|---|---|---|---|---|---|---|---|---|
| College Library | College Library | Filipiniana Section | 09/02/2020 | 2 | 5 | BC 108 .C376 2015 | C22131 | 09/22/2023 | 06/08/2023 | 09/02/2020 | Books |